000 01008nam a22002297a 4500
999 _c2407
_d2407
005 20230508113454.0
008 230508b ||||| |||| 00| 0 eng d
020 _a9780545347501
040 _cKH8
082 _a813.54 SPI
100 _aSpinelli, Eileen
_eAuthor
245 _aMiss Fox's class goes green /
_cEileen Spinelli
250 _a18
260 _aNew York,
_bScholastic Inc.,
_c2011, ©2009
300 _a 1 volume (unpaged) :
_bcolor illustrations ;
_c26 cm
500 _aFirst Scholastic printing, March 2011 "This edition is available for distribution only through the school market."--Page 4 of cover
520 _aThe students in Miss Fox's class lead their school in making choices to help keep the planet healthy, such as turning off lights when leaving a room, taking shorter showers, and using cloth bags instead of plastic ones
650 _a Animals
_vAnimals Fiction
650 _aAnimals Juvenile fiction
650 _aEnvironmental protection
_vFiction
942 _2ddc
_cFIC